BCIS quarterly review of building prices (Record no. 107866)

MARC details
000 -LEADER
fixed length control field 00549cam a2200193 a 4500
001 - CONTROL NUMBER
control field E142318
008 - FIXED-LENGTH DATA ELEMENTS--GENERAL INFORMATION
fixed length control field 080205s2008 xxk f 000 0 eng d
022 1# - INTERNATIONAL STANDARD SERIAL NUMBER
International Standard Serial Number 0260-6216
035 ## - SYSTEM CONTROL NUMBER
System control number (Sirsi) u142318
041 0# - LANGUAGE CODE
Language code of text/sound track or separate title eng
050 04 - LIBRARY OF CONGRESS CALL NUMBER
Classification number 692.5 $2 18
110 2# - MAIN ENTRY--CORPORATE NAME
Corporate name or jurisdiction name as entry element Building Cost Information Service
9 (RLIN) 1096
245 00 - TITLE STATEMENT
Title BCIS quarterly review of building prices
Remainder of title issue 108-111 (Jan 2008 - Oct 2008)
260 ## - PUBLICATION, DISTRIBUTION, ETC.
Place of publication, distribution, etc. London
Name of publisher, distributor, etc. BCIS
Date of publication, distribution, etc. 2008
300 ## - PHYSICAL DESCRIPTION
Extent 40p.
Dimensions 30cm.
651 #4 - SUBJECT ADDED ENTRY--GEOGRAPHIC NAME
Geographic name United Kingdom
Chronological subdivision
690 ## - LOCAL SUBJECT ADDED ENTRY--TOPICAL TERM (OCLC, RLIN)
Topical term or geographic name as entry element BUILT ENVIRONMENT-BUILDING COSTS
942 ## - ADDED ENTRY ELEMENTS (KOHA)
Suppress in OPAC 0
Holdings
Withdrawn status Lost status Source of classification or shelving scheme Damaged status Not for loan Home library Current library Shelving location Date acquired Total Checkouts Full call number Barcode Date last seen Copy number Price effective from Koha item type Date last checked out
    Dewey Decimal Classification     London London BCIS/BMI publications 05/02/2008   ENQUIRY DESK ISS 108 JAN 2008 30071084 06/08/2019 1 06/08/2019 Reference material  
    Dewey Decimal Classification     London London BCIS/BMI publications 05/02/2008 12 ENQUIRY DESK ISS 108 JAN 2008 30071080 06/08/2019 2 06/08/2019 Book 11/09/2009
    Dewey Decimal Classification     London London BCIS/BMI publications 02/05/2008   ENQUIRY DESK ISS 109 APR 2008 30074956 06/08/2019 1 06/08/2019 Reference material  
    Dewey Decimal Classification     London London BCIS/BMI publications 02/05/2008 8 ENQUIRY DESK ISS 109 APR 2008 30074952 06/08/2019 2 06/08/2019 Book 11/09/2009
    Dewey Decimal Classification     London London Reference copy 11/08/2008   BCIS ISS 110 JUL 2008 30076028 06/08/2019 1 06/08/2019 Reference material  
    Dewey Decimal Classification     London London BCIS/BMI publications 11/08/2008 8 BCIS ISS 110 JUL 2008 30076029 06/08/2019 2 06/08/2019 Book 11/09/2009
    Dewey Decimal Classification     London London BCIS/BMI publications 04/11/2008   ENQUIRY DESK ISS 111 OCT 2008 30076403 06/08/2019 1 06/08/2019 Reference material  
    Dewey Decimal Classification     London London BCIS/BMI publications 04/11/2008 5 ENQUIRY DESK ISS 111 OCT 2008 30076407 06/08/2019 2 06/08/2019 Book 04/09/2009